| 000 | 00000nam##2200000za#4500 |
| 001 | 9.526834 |
| 003 | CaOODSP |
| 005 | 20200327091611 |
| 007 | ta |
| 008 | 150406|1996||||xxc||||| f|0| 0 eng|d |
| 020 | |a0-662-62185-9 |
| 040 | |aCaOODSP|beng |
| 041 | |aeng |
| 041 | |afre |
| 043 | |an-cn--- |
| 086 | 1 |aSC94-62/14-1996 |
| 110 | 1 |aCanada.|bCanadian Centre for Management Development. |
| 245 | 10|aSpecial Operating Agencies : |bhuman resources management issues / |cby Betty Rogers. |
| 260 | |aOttawa - Ontario : |bCanadian Centre for Management Development |c1996. |
| 300 | |aEnglish text, x, 57p. : |breferences, tables ; |c28 cm. |
| 490 | 1 |aManagement practices|vNo. 14 |
| 500 | |aContents: Introduction.--Personnel management authorities and flexibilities framework.--Assessment of existing flexibilities.--Changes in management and staff on becoming an SOA.--Human resources strategies used to encourage, facilitate and manage change.--Conclusion. |
| 563 | |aRing binding |
| 590 | |a97-06|b1997-02-07 |
| 690 | 07|aPublic service|2gcpds |
| 690 | 07|aManagement|2gcpds |
| 720 | 1 |aRogers, Betty |
| 776 | 0#|tSpecial operating agencies : |w(CaOODSP)9.572888 |
| 776 | 0#|tOrganismes de service spéciaux : |w(CaOODSP)9.603135 |
| 792 | |tOrganismes de service spéciaux : |efre|w(CaOODSP)9.526835 |
| 830 | #0|aManagement practices ;|vNo. 14|w(CaOODSP)9.509636 |
| 986 | |aP70E |